000 00677nam a2200289Ia 4500
005 20260324134348.0
008 008 260324s9999 xx 000 0 eng d
020 _a9781315274973
037 _aEBOOK
040 _aCRL
040 _beng
040 _cCRL
041 _2eng
041 _aeng
084 _qCRL
100 _aSigurd Hofmann
_91196531
245 0 _aOn Beyond Uranium
245 0 _bJourney to the End of the Periodic Table
260 _bTaylor and Francis
260 _c2002
365 _a
365 _b310
856 _uhttp://www.taylorfrancis.com/books/9781315274973
942 _cEBOOK
999 _c1796554
_d1796554